000 00284nam a22001337a 4500
008 181122b xxu||||| |||| 00| 0 eng d
041 _aeng
080 _a159.9
082 _a159.9
100 _a49
101 _aPSI
245 _aClinical psychiatry
_cLurie.H.J
942 _2udc
_cBK
999 _c52369
_d52369